LEADER 01357nam--2200409---450 001 990003253550203316 005 20200723130435.0 010 $a978-88-387-4810-1 035 $a000325355 035 $aUSA01000325355 035 $a(ALEPH)000325355USA01 035 $a000325355 100 $a20090525d2008----km-y0itay50------ba 101 $aita 102 $aIT 105 $a||||||||001yy 200 1 $a<> concessioni cimiteriali$eguida alla gestione degli adempimenti$edisciplina, rapporti giuridici, procedure amministrative$fSereno Scolaro 210 $aSantarcangelo di Romagna$cMaggioli$d2008 215 $a282 p.$d24 cm$e1 CD-ROM 225 2 $aProgetto ente locale$xServizi Demografici$v186 410 0$aProgetto ente locale$12001$xServizi Demografici$v, 186 454 1$12001 461 1$1001-------$12001 606 0 $aCimiteri$xLegislazione$2BNCF 676 $a344.45045 700 1$aSCOLARO,$bSereno$0280483 801 0$aIT$bsalbc$gISBD 912 $a990003253550203316 951 $aXXIV.3.L 35$b62253 G.$cXXIV.3$d00225477 959 $aBK 969 $aGIU 979 $aFIORELLA$b90$c20090525$lUSA01$h1219 979 $aFIORELLA$b90$c20090525$lUSA01$h1227 979 $aCHIARA$b90$c20110517$lUSA01$h1014 979 $aCHIARA$b90$c20110517$lUSA01$h1015 996 $aConcessioni cimiteriali$91119677 997 $aUNISA LEADER 02592nam 22005771 450 001 9910789395103321 005 20200514202323.0 010 $a1-4725-3899-4 010 $a1-4725-5492-2 010 $a1-4411-6296-8 024 7 $a10.5040/9781472554925 035 $a(CKB)3710000000089483 035 $a(EBL)1637112 035 $a(SSID)ssj0001132231 035 $a(PQKBManifestationID)11610982 035 $a(PQKBTitleCode)TC0001132231 035 $a(PQKBWorkID)11148674 035 $a(PQKB)10250211 035 $a(MiAaPQ)EBC1637112 035 $a(OCoLC)879425888 035 $a(UkLoBP)bpp09256877 035 $a(MiAaPQ)EBC6162614 035 $a(EXLCZ)993710000000089483 100 $a20140929d2010 uy 0 101 0 $aeng 135 $aur|n|---||||| 181 $ctxt 182 $cc 183 $acr 200 00$aGarrick, Kemble, Siddons, Kean /$fedited by Peter Holland 210 1$aLondon ;$aNew York, NY :$cContinuum,$d2010. 215 $a1 online resource (230 p.) 225 0 $aGreat Shakespeareans ;$vv. 2 300 $aDescription based upon print version of record. 311 $a1-4725-1728-8 311 $a0-8264-7152-8 320 $aIncludes bibliographical references (pages [202]-205) and index. 327 $aCover; Contents; Series Preface; Notes on Contributors; List of Illustrations; Introduction; Chapter 1 David Garrick; Chapter 2 John Philip Kemble; Chapter 3 Sarah Siddons; Chapter 4 Edmund Kean; Notes; Select Bibliography; Index; A; B; C; D; E; F; G; H; I; J; K; L; M; N; O; P; Q; R; S; T; V; W; Y; Z 330 $aGreat Shakespeareans offers a systematic account of those figures who have had the greatest influence on the interpretation, understanding and cultural reception of Shakespeare, both nationally and internationally. In this volume, leading scholars assess the contribution of David Garrick, John Philip Kemble, Sarah Siddons and Edmund Kean to the afterlife and reception of Shakespeare and his plays. Each substantial contribution assesses the double impact of Shakespeare on the figure covered and of the figure on the understanding, interpretation and appreciation of Shakespeare, provide a sketc 410 0$aGreat Shakespeareans ;$vv. 2. 606 $aShakespearean actors and actresses 615 0$aShakespearean actors and actresses. 676 $a792.9/5 702 $aHolland$b Peter$f1951- 801 0$bUtOrBLW 801 1$bUtOrBLW 801 2$bUkLoBP 906 $aBOOK 912 $a9910789395103321 996 $aGarrick, Kemble, Siddons, Kean$93855625 997 $aUNINA